000 00614nam a2200157 a 4500
008 120416s0000 ||||||||||||||||| || u
020 _a0852986874
050 _aTJ 164 Ins
100 _aWhillock, R. G
245 1 0 _aValves for power plant development and testing
246 _asponsored by Steam Plant Committee of the Institution of Mechanical Engineers
260 _aSuffolk
_bMechanical Engineers
_c1989
300 _avi, 168p. : ill.
350 _a0.00
995 _D0.00
_FCBU-MAIN LIBRARY (Kitwe)
_H1
_I43.00
_UAVAILABLE
_ZAnnex Low-Usage Collection
999 _c61244
_d61244